Dyscyplina sportowa w, której się czymś rzuca - Statystyki

Ogólne statystyki
  • Ten quiz został rozwiązany 43 razy
  • Średni wynik to 3 z 5
Statystyki odpowiedzi
Odpowiedź % Poprawnych
Rzut Oszczepem
85%
Rzut Dyskiem
71%
Pchnięcie Kulą
61%
Koszykówka
41%
Piłka Ręczna
41%
Nie znaleziono quizów pasujących do podanych kryteriów
Rozkład punktacji
Procent ludzi z każdym wynikiem
Percentyl według liczby udzielonych odpowiedzi
Twoja historia wyników
Nie rozwiązałeś tego quizu